| 000 | 00552nam a22001697a 4500 | ||
|---|---|---|---|
| 008 | 170111b xxu||||| |||| 00| 0 eng d | ||
| 020 | _a9780130420992 | ||
| 050 |
_aPN145 _b.M5 2003 |
||
| 100 | _aMinot, Stephen | ||
| 245 |
_aThree Genres: The Writing of Poetry, Fiction, and Drama _cMinot, Stephen |
||
| 250 | _a7th ed. | ||
| 260 |
_aUpper Saddle River, N.J. : _bPrentice Hall, _c2003. |
||
| 300 |
_axii, 468 p. : _bill. ; _cc 23 cm |
||
| 500 | _aIncludes bibliographical references and indexes | ||
| 650 | _aCreative writing | ||
| 942 |
_2lcc _cBK |
||
| 999 |
_c47772 _d47772 |
||